OSF-Motif: concepts and programming
Guardat en:
| Autor principal: | |
|---|---|
| Format: | Llibre |
| Idioma: | anglès |
| Publicat: |
Wokingham
Addison-Wesley
1991
|
| Matèries: | |
| Etiquetes: |
Afegir etiqueta
Sense etiquetes, Sigues el primer a etiquetar aquest registre!
|
MARC
| LEADER | 00000nam a2200000 a 4500 | ||
|---|---|---|---|
| 001 | UCY4511 | ||
| 003 | CL-VaPUC | ||
| 008 | 950315e19910000UK |||||||||||||||||eng|d | ||
| 082 | 0 | 4 | |a 005.43 |b BER |2 21 |
| 100 | 0 | |a Berlage, Thomas |e author |9 332988 | |
| 245 | 1 | 0 | |a OSF-Motif: concepts and programming |
| 300 | |a 487 p | ||
| 942 | |c BK | ||
| 945 | |d 19950315 00:00:00 |a mfernand | ||
| 260 | |a Wokingham |b Addison-Wesley |c 1991 | ||
| 650 | 0 | |a Sistema X Window |x Sistema computacional |9 332989 | |
| 650 | 7 | |a MOTIF PROGRAMA PARA COMPUTADOR |2 CL-VaPUC |9 332990 | |
| 583 | |a last modification |c 20120823 10:50:27 |k Rodrigo Vera | ||
| 999 | |c 232347 |d 232345 | ||
| 952 | |0 0 |1 0 |4 0 |6 005_430000000000000_BER_1991 |7 0 |8 A |9 236534 |a BIBING |b BIBING |d 2019-11-15 |i 3066681 |o 005.43 BER 1991 |p 3066681 |r 2025-01-20 |w 2019-11-15 |y BK |k CCI | ||